Select the F1 WDC from each decade - Statistics

General Stats
  • This quiz has been taken 21 times
  • The average score is 35 of 45
Answer Stats
Question Tile Select % Correct
Select all F1 WDC from the 1950s Louis Rosier No
100%
Select all F1 WDC from the 1950s Peter Walker No
100%
Select all F1 WDC from the 1950s Reg Parnell No
100%
Select all F1 WDC from the 2010s Daniel Ricciardo No
95%
Select all F1 WDC from the 2010s Felipe Massa No
95%
Select all F1 WDC from the 2010s Lewis Hamilton Yes
95%
Select all F1 WDC from the 1950s Luigi Fagioli No
95%
Select all F1 WDC from the 2010s Mark Webber No
95%
Select all F1 WDC from the 1950s Alberto Ascari Yes
89%
Select all F1 WDC from the 1980s Carlos Reutemann No
89%
Select all F1 WDC from the 2010s Fernando Alonso No
89%
Select all F1 WDC from the 2010s Jenson Button No
89%
Select all F1 WDC from the 1950s Juan Manuel Fangio Yes
89%
Select all F1 WDC from the 2010s Kimi Raikkonen No
89%
Select all F1 WDC from the 2010s Nico Rosberg Yes
89%
Select all F1 WDC from the 1970s Niki Lauda Yes
89%
Select all F1 WDC from the 1970s Ronnie Peterson No
89%
Select all F1 WDC from the 2010s Sebastian Vettel Yes
89%
Select all F1 WDC from the 1980s Alain Prost Yes
84%
Select all F1 WDC from the 1980s Ayrton Senna Yes
84%
Select all F1 WDC from the 1960s Bruce Mclaren No
84%
Select all F1 WDC from the 1970s Denny Hulme No
84%
Select all F1 WDC from the 1980s Gerhard Berger No
84%
Select all F1 WDC from the 1970s James Hunt Yes
84%
Select all F1 WDC from the 1980s Niki Lauda Yes
84%
Select all F1 WDC from the 1960s Stirling Moss No
84%
Select all F1 WDC from the 1980s Gilles Villeneuve No
79%
Select all F1 WDC from the 1960s Graham Hill Yes
79%
Select all F1 WDC from the 1960s Jack Brabham Yes
79%
Select all F1 WDC from the 1980s Nelson Piquet Yes
79%
Select all F1 WDC from the 1970s Emerson Fittipaldi Yes
74%
Select all F1 WDC from the 1960s Jim Clark Yes
74%
Select all F1 WDC from the 1980s Keke Rosberg Yes
74%
Select all F1 WDC from the 1970s Mario Andretti Yes
68%
Select all F1 WDC from the 1950s Mike Hawthorn Yes
63%
Select all F1 WDC from the 1960s Jackie Stewart Yes
58%
Select all F1 WDC from the 1970s Jackie Stewart Yes
58%
Select all F1 WDC from the 1970s Jochen Rindt Yes
58%
Select all F1 WDC from the 1970s Jody Scheckter Yes
58%
Select all F1 WDC from the 1960s John Surtees Yes
58%
Select all F1 WDC from the 1980s Alan Jones Yes
47%
Select all F1 WDC from the 1950s Nino Farina Yes
47%
Select all F1 WDC from the 1960s Phil Hill Yes
47%
Select all F1 WDC from the 1950s Jack Brabham Yes
42%
Select all F1 WDC from the 1960s Denny Hulme Yes
37%
No matching quizzes found
Score Distribution
Percent of People with Each Score
Percentile by Number Answered
Your Score History
You have not taken this quiz